000
00303nam a22001337a 4500
008
170623b xxu||||| |||| 00| 0 eng d
020
_a
0394746910
041
_a
eng
080
_a
94
100
_a
18
101
_a
SHH
245
_a
STUDS TERKEL HARD TIMES THE HISTORY
_c
TERKEL.S
942
_2
udc
_c
BK
999
_c
18959
_d
18959